Statistics for Baseball world classic countries

Click here to take the quiz!

General Stats

  • This quiz has been taken 94 times
  • The average score is 15 of 18

Answer Stats

HintAnswer% Correct
North AmericaCanada
96%
North AmericaUSA
96%
AsiaJapan
95%
North AmericaMexico
95%
AsiaChina
92%
Central AmericaCuba
91%
Oceania/AustralasiaAustralia
86%
AsiaSouth Korea
86%
South AmericaVenezuela
86%
South AmericaBrazil
85%
Central AmericaDominican republic
84%
AfricaSouth Africa
78%
EuropeItaly
76%
Central AmericaPanama
76%
EuropeNetherlands
71%
EuropeSpain
71%
Central AmericaPuerto Rico
56%
AsiaChinese taipei
43%

Score Distribution

Percentile by Number Answered

Percent of People with Each Score

Your Score History

You have not taken this quiz